<?xml version="1.0" encoding="UTF-8"?>
<record
    xmlns:xsi="http://www.w3.org/2001/XMLSchema-instance"
    xsi:schemaLocation="http://www.loc.gov/MARC21/slim http://www.loc.gov/standards/marcxml/schema/MARC21slim.xsd"
    xmlns="http://www.loc.gov/MARC21/slim">

  <leader>01026nam a2200277 i 4500</leader>
  <controlfield tag="001">17492</controlfield>
  <controlfield tag="003">ES-MaACL</controlfield>
  <controlfield tag="005">20250728062558.0</controlfield>
  <controlfield tag="007">t|</controlfield>
  <controlfield tag="008">010319s2000    sp           ||||1| spa d</controlfield>
  <datafield tag="020" ind1=" " ind2=" ">
    <subfield code="a">84-95240-09-2</subfield>
  </datafield>
  <datafield tag="080" ind1=" " ind2=" ">
    <subfield code="a">347.785(460)</subfield>
  </datafield>
  <datafield tag="080" ind1=" " ind2=" ">
    <subfield code="a">347.788.1(460)</subfield>
  </datafield>
  <datafield tag="100" ind1="1" ind2=" ">
    <subfield code="a">Ventura Ventura, Jos&#xE9; Manuel.</subfield>
    <subfield code="9">113922</subfield>
  </datafield>
  <datafield tag="245" ind1="1" ind2="3">
    <subfield code="a">La edici&#xF3;n de obras musicales / </subfield>
    <subfield code="c">Jos&#xE9; Manuel Ventura Ventura.</subfield>
  </datafield>
  <datafield tag="260" ind1=" " ind2=" ">
    <subfield code="a">[Madrid] : </subfield>
    <subfield code="b">Centro de Estudios Registrales, </subfield>
    <subfield code="c">[2000]</subfield>
  </datafield>
  <datafield tag="300" ind1=" " ind2=" ">
    <subfield code="a">419 p. ; </subfield>
    <subfield code="c">23 cm.</subfield>
  </datafield>
  <datafield tag="490" ind1="1" ind2=" ">
    <subfield code="a">Monograf&#xED;as</subfield>
  </datafield>
  <datafield tag="650" ind1="1" ind2="4">
    <subfield code="a">Propiedad intelectual-</subfield>
    <subfield code="x">M&#xFA;sica-</subfield>
    <subfield code="z">Espa&#xF1;a.</subfield>
    <subfield code="9">16492</subfield>
  </datafield>
  <datafield tag="650" ind1=" " ind2="4">
    <subfield code="a">Contratos de edici&#xF3;n-</subfield>
    <subfield code="z">Espa&#xF1;a.</subfield>
    <subfield code="9">11329</subfield>
  </datafield>
  <datafield tag="710" ind1="2" ind2=" ">
    <subfield code="a">Colegio de Registradores de la Propiedad y Mercantiles de Espa&#xF1;a.</subfield>
    <subfield code="b">Centro de Estudios Registrales.</subfield>
    <subfield code="9">162314</subfield>
  </datafield>
  <datafield tag="730" ind1=" " ind2="0">
    <subfield code="a">Monograf&#xED;as (Centro de Estudios Registrales)</subfield>
    <subfield code="9">179814</subfield>
  </datafield>
  <datafield tag="830" ind1="0" ind2="0">
    <subfield code="a">Monograf&#xED;as (Centro de Estudios Benaventanos "Ledo del Pozo")</subfield>
    <subfield code="9">177262</subfield>
  </datafield>
  <datafield tag="852" ind1=" " ind2=" ">
    <subfield code="a">ES-MaACL</subfield>
    <subfield code="j">L-24317 </subfield>
    <subfield code="b">R.129034</subfield>
  </datafield>
  <datafield tag="999" ind1=" " ind2=" ">
    <subfield code="c">17492</subfield>
    <subfield code="d">17492</subfield>
  </datafield>
  <datafield tag="952" ind1=" " ind2=" ">
    <subfield code="0">0</subfield>
    <subfield code="1">0</subfield>
    <subfield code="4">0</subfield>
    <subfield code="7">0</subfield>
    <subfield code="a">ATENEOM</subfield>
    <subfield code="b">ATENEOM</subfield>
    <subfield code="c">DEPO2</subfield>
    <subfield code="d">2008-01-17</subfield>
    <subfield code="e">SC</subfield>
    <subfield code="l">0</subfield>
    <subfield code="o">L-24317</subfield>
    <subfield code="p">1017846</subfield>
    <subfield code="r">2023-02-23 00:00:00</subfield>
    <subfield code="w">2023-02-23</subfield>
    <subfield code="y">MONOGRAFIA</subfield>
  </datafield>
</record>
